000 00562nam a2200241 a 4500
001 nice12345678
003 IN_TiNIC
005 20260116013855.0
008 050524s1997 newa grp 000 0 eng
020 _a
_c75
082 0 0 _a651
_bPRA
100 _aPratley, Peter
245 _aEssence of Business Ethics
260 _aNew Delhi
_bPrentice-Hall
_c1997
300 _a233p
500 _aincludes index and biblioraphy
505 2 _aindex
650 _aManagement
700 1 _aPratley, Peter
902 _bSRS
942 _cBK
999 _c12900
_d12900